| 000 | 01466nam a2200301Ia 4500 | ||
|---|---|---|---|
| 003 | OSt | ||
| 005 | 20200806113854.0 | ||
| 008 | 191128s2007 ck gr 000 0dspa d | ||
| 020 | _a9789588295374 | ||
| 040 |
_aCO-JMCR _cCO-JMCR |
||
| 041 | 0 | _aspa | |
| 082 | 0 | 4 |
_a364.168 / _bS218d _223 |
| 100 | 1 |
_aSandoval Mesa, Jaime Alberto, _eautor _98482 |
|
| 245 | 1 | 0 |
_aDos ensayos sobre crimen transaccional : _bprincipales nociones internacionales y relaciones de cooperación judicial / _cJaime Alberto Sandoval Mesa |
| 250 | _aPrimera edición | ||
| 260 |
_aBogotá : _bInstituto de Estudios del Ministerio Público ; Procuraduria General de la Nación, _c2007. |
||
| 300 |
_a90 páginas _c24 cm. |
||
| 490 | 1 |
_aDerecho penal ; _v8 |
|
| 500 | _aBibliografía: páginas 89-90. Incluye notas a pie de páginas. | ||
| 505 | 0 | _aAntecedentes -- El lavado de activos frente a los intrumentos internacionales -- Propuesta de tipificación del lavado de activos | |
| 520 | 0 | _aEl texto que se presenta a continuación es el resultado de algunos años de experiecia en el análisis de instrumentos y materias de índole internacional que hasta 10 años,no había sido integradas en su totalidad en Colombia y que han generado gran influenc | |
| 650 | 1 | 4 |
_aDelitos internacionales _97984 |
| 650 | 2 | 4 |
_aCooperación judicial _98483 |
| 650 | 2 | 4 |
_aCrimen organizado _98484 |
| 650 | 2 | 4 |
_aLavado de dinero _98485 |
| 650 | 2 | 4 |
_aAspectos jurídicos _91667 |
| 942 |
_2ddc _cBK |
||
| 999 |
_c4684 _d4684 |
||